| 000 | 00423nam a2200169Ia 4500 | ||
|---|---|---|---|
| 008 | 230524s9999 xx 000 0 und d | ||
| 082 |
_a658.45 _bMOT |
||
| 100 | _aV.L.Mote | ||
| 245 | 0 | _aManagerial Economics : Concepts & Cases | |
| 250 | _a1ST | ||
| 260 |
_aNEW DELHI _bTMH _c1999 |
||
| 300 | _aX;354 | ||
| 500 | _aQuantity Number: 7 | ||
| 650 | _aEconomics | ||
| 700 | _a" Samuel Paul , G.S.Gupta,,," | ||
| 942 | _cBK | ||
| 999 |
_c15805 _d15805 |
||